[Event "Sao Paulo Pascoa op"]
[Site "Sao Paulo"]
[Date "2024.03.31"]
[Round "6"]
[White "Rodrigues, Leonardo De Miranda"]
[Black "Favareto, Luca Perosa"]
[Result "1-0"]
[WhiteElo "2071"]
[BlackElo "1717"]
[PlyCount "87"]
[EventDate "2024.03.29"]
[EventType "swiss"]
[EventRounds "6"]
[EventCountry "BRA"]
[SourceTitle "CB14_2024"]
[SourceDate "2024.04.01"]
[SourceVersion "1"]
[SourceVersionDate "2024.04.01"]
[SourceQuality "1"]

1. b3 e5 2. Bb2 Nc6 3. e3 Nf6 4. Bb5 d6 5. Ne2 Be7 6. 0-0 Bd7 7. f4 exf4 8. Nxf4 0-0 9. Nc3 Ne5 10. Be2 Bc6 11. Qe1 Ng6 12. Qg3 d5 13. Bd3 Bd6 14. Nce2 Bd7 15. Qg5 c6 16. Nh5 Nxh5 17. Qxh5 Qe7 18. Ng3 Rfe8 19. Nf5 Bxf5 20. Qxf5 Qe6 21. Qh5 Be5 22. Bd4 c5 23. Bxe5 Qxe5 24. Qf3 Re7 25. Rae1 a6 26. a4 Rae8 27. Qh3 Nf8 28. Rf5 Qe6 29. c4 d4 30. Qf3 Qb6 31. Rf1 f6 32. exd4 cxd4 33. c5 Qb4 34. Bc4+ Kh8 35. Rxf6 gxf6 36. Qxf6+ Rg7 37. Qxf8+ Rg8 38. Qf6+ Rg7 39. Qe5 Qxc4 40. Qxe8+ Qg8 41. Rf8 Rxg2+ 42. Kf1 Rg1+ 43. Ke2 Rg2+ 44. Kd3 1-0

[Event "Sao Paulo Pascoa op"]
[Site "Sao Paulo"]
[Date "2024.03.30"]
[Round "4"]
[White "Rodrigues, Leonardo De Miranda"]
[Black "Ishikawa, Emilio Keiji"]
[Result "1-0"]
[WhiteElo "2071"]
[BlackElo "1830"]
[PlyCount "83"]
[EventDate "2024.03.29"]
[EventType "swiss"]
[EventRounds "6"]
[EventCountry "BRA"]
[SourceTitle "CB14_2024"]
[SourceDate "2024.04.01"]
[SourceVersion "1"]
[SourceVersionDate "2024.04.01"]
[SourceQuality "1"]

1. e4 c5 2. Nf3 g6 3. d4 Bg7 4. d5 d6 5. h3 Nd7 6. Be2 Ngf6 7. Nc3 a6 8. a4 h6 9. 0-0 b6 10. Re1 Bb7 11. Bf1 0-0 12. Bf4 Ne8 13. Qd2 Kh7 14. Rad1 Ne5 15. Qe3 Nxf3+ 16. Qxf3 e5 17. dxe6 fxe6 18. Qg3 Bd4 19. Be3 Be5 20. Qg4 Qf6 21. Bc4 Ng7 22. f3 Rae8 23. Ne2 Nh5 24. Rf1 Qe7 25. c3 Bc8 26. f4 Bg7 27. e5 dxe5 28. fxe5 Rxf1+ 29. Rxf1 Bxe5 30. Bd3 Nf6 31. Qxg6+ Kh8 32. Qxh6+ Kg8 33. Qg5+ Qg7 34. Qxe5 Bb7 35. Ng3 Rf8 36. Qg5 Nd7 37. Qxg7+ Kxg7 38. Nh5+ Kg8 39. Re1 e5 40. Bc4+ Kh7 41. Rd1 Bc6 42. Rd6 1-0

[Event "Sao Paulo Pascoa op"]
[Site "Sao Paulo"]
[Date "2024.03.29"]
[Round "2"]
[White "Rodrigues, Leonardo De Miranda"]
[Black "Bookobza, Tomer Lederman"]
[Result "1-0"]
[WhiteElo "2071"]
[BlackElo "1730"]
[PlyCount "25"]
[EventDate "2024.03.29"]
[EventType "swiss"]
[EventRounds "6"]
[EventCountry "BRA"]
[SourceTitle "CB14_2024"]
[SourceDate "2024.04.01"]
[SourceVersion "1"]
[SourceVersionDate "2024.04.01"]
[SourceQuality "1"]

1. e4 e5 2. d4 exd4 3. Qxd4 Nc6 4. Qe3 b6 5. Nc3 Bb7 6. Bd2 g6 7. Nd5 Bg7 8. Bc3 f6 9. 0-0-0 Nce7 10. Nf4 Bh6 11. h4 Nc6 12. g4 Bg7 13. Ne6 1-0

[Event "Campos do Jordao op"]
[Site "Campos do Jordao"]
[Date "2024.01.14"]
[Round "4"]
[White "De Paula, Luan Araujo"]
[Black "Rodrigues, Leonardo De Miranda"]
[Result "1/2-1/2"]
[WhiteElo "1863"]
[BlackElo "2070"]
[PlyCount "23"]
[EventDate "2024.01.12"]
[EventType "swiss"]
[EventRounds "5"]
[EventCountry "BRA"]
[SourceTitle "CB04_2024"]
[SourceDate "2023.10.16"]
[SourceVersion "1"]
[SourceVersionDate "2023.10.16"]
[SourceQuality "1"]

1. d4 d5 2. Nf3 Nf6 3. g3 e6 4. Bg2 Be7 5. 0-0 0-0 6. c4 Nbd7 7. Nbd2 c6 8. b3 b6 9. Bb2 Bb7 10. Rc1 Rc8 11. cxd5 cxd5 12. Rxc8 1/2-1/2

[Event "Campos do Jordao op"]
[Site "Campos do Jordao"]
[Date "2024.01.13"]
[Round "3"]
[White "Rodrigues, Leonardo De Miranda"]
[Black "Da Silva, Lucas Pereira Mende"]
[Result "1/2-1/2"]
[WhiteElo "2070"]
[BlackElo "1974"]
[PlyCount "82"]
[EventDate "2024.01.12"]
[EventType "swiss"]
[EventRounds "5"]
[EventCountry "BRA"]
[SourceTitle "CB04_2024"]
[SourceDate "2023.10.16"]
[SourceVersion "1"]
[SourceVersionDate "2023.10.16"]
[SourceQuality "1"]

1. Nf3 d5 2. c4 e6 3. g3 Nf6 4. Bg2 Bd6 5. d4 0-0 6. Qc2 c6 7. Nbd2 Nbd7 8. 0-0 Re8 9. Rd1 Qe7 10. e4 dxe4 11. Ng5 e3 12. fxe3 e5 13. Nde4 Nxe4 14. Nxe4 Nf6 15. d5 cxd5 16. Nxf6+ Qxf6 17. Bxd5 Qe7 18. Qg2 Bc5 19. Rf1 Rf8 20. Bd2 Rb8 21. Qe4 Bh3 22. Rf3 Kh8 23. Bc3 Rbe8 24. g4 f5 25. gxf5 Qg5+ 26. Rg3 Bxf5 27. Rxg5 Bxe4 28. Re1 Bxd5 29. cxd5 Rf3 30. Rxe5 Rxe3 31. R1xe3 Bxe3+ 32. Kg2 Rxe5 33. Bxe5 Kg8 34. Kf3 Bc5 35. Ke4 Kf7 36. a4 g6 37. Kd3 Ke7 38. h3 Kd7 39. Kc4 Bd6 40. Bd4 a6 41. b4 Kc7 1/2-1/2

[Event "Osasco op"]
[Site "Osasco"]
[Date "2023.12.01"]
[Round "2"]
[White "Aragao Neto, Joao Batista"]
[Black "Rodrigues, Leonardo De Miranda"]
[Result "0-1"]
[WhiteElo "1600"]
[BlackElo "2063"]
[PlyCount "72"]
[EventDate "2023.12.01"]
[EventType "swiss"]
[EventRounds "6"]
[EventCountry "BRA"]
[SourceTitle "CB50_2023"]
[SourceDate "2023.12.13"]
[SourceVersion "1"]
[SourceVersionDate "2023.12.13"]
[SourceQuality "1"]

1. d4 Nf6 2. c4 g6 3. Nc3 Bg7 4. e4 d6 5. f3 0-0 6. Be3 c5 7. d5 e6 8. Qd2 exd5 9. cxd5 Na6 10. a3 Nc7 11. Bd3 Rb8 12. Nge2 b5 13. 0-0 Re8 14. Rae1 a5 15. Bg5 b4 16. Nd1 Na8 17. Bf4 Nb6 18. Ne3 Nh5 19. Nc4 Nxc4 20. Bxc4 Nxf4 21. Nxf4 Qf6 22. Re2 Bd7 23. Rc1 Rb6 24. Nd3 Qd4+ 25. Kh1 h5 26. Nf4 Qf6 27. Nd3 Qd4 28. Nf4 Reb8 29. Qe1 bxa3 30. bxa3 Bh6 31. g3 h4 32. Qc3 Rb1 33. Qxd4 Rxc1+ 34. Qg1 Rbb1 35. Qxc1 Rxc1+ 36. Kg2 Rxc4 0-1

[Event "Titled Tuesday intern op 29th Aug Early"]
[Site "Chess.com INT"]
[Date "2023.08.29"]
[Round "6"]
[White "Liu, Casper Yukun"]
[Black "Rodrigues, Leonardo De Miranda"]
[Result "0-1"]
[WhiteElo "2278"]
[BlackElo "2077"]
[PlyCount "84"]
[EventDate "2023.08.29"]
[EventType "swiss (blitz)"]
[EventRounds "11"]
[EventCountry "USA"]
[SourceTitle "EXT 2024"]
[Source "ChessBase"]
[SourceDate "2023.10.10"]
[SourceVersion "1"]
[SourceVersionDate "2023.10.10"]
[SourceQuality "1"]

1. e4 c5 2. d4 cxd4 3. Qxd4 Nc6 4. Qe3 Nf6 5. Nc3 e6 6. Bd2 Bb4 7. 0-0-0 0-0 8. g4 d5 9. exd5 exd5 10. Qg3 Bxg4 11. Be2 Bf5 12. Nf3 d4 13. Nb5 Bxd2+ 14. Rxd2 Ne4 15. Qf4 Nxd2 16. Qxf5 Nxf3 17. Bxf3 a6 18. Na3 Re8 19. Nc4 g6 20. Qf4 Qb8 21. Qh6 Ne7 22. Be4 b5 23. Na5 Ra7 24. h4 Qe5 25. f3 Nf5 26. Qd2 Ng3 27. Re1 Rc7 28. h5 Ree7 29. hxg6 hxg6 30. Qh6 Nxe4 31. Rxe4 Qf6 32. Rh4 Qg7 33. Qd2 Re3 34. Rxd4 Rce7 35. c3 Re1+ 36. Kc2 R7e2 37. Rd8+ Kh7 38. Nb3 Rxd2+ 39. Nxd2 Qe5 40. Ne4 Rxe4 41. fxe4 Qxe4+ 42. Kb3 Qa4# 0-1

[Event "Titled Tuesday intern op 29th Aug Early"]
[Site "Chess.com INT"]
[Date "2023.08.29"]
[Round "9"]
[White "Rodrigues, Leonardo De Miranda"]
[Black "Bournel, Antoine"]
[Result "0-1"]
[WhiteElo "2077"]
[BlackElo "2329"]
[PlyCount "92"]
[EventDate "2023.08.29"]
[EventType "swiss (blitz)"]
[EventRounds "11"]
[EventCountry "USA"]
[SourceTitle "EXT 2024"]
[Source "ChessBase"]
[SourceDate "2023.10.10"]
[SourceVersion "1"]
[SourceVersionDate "2023.10.10"]
[SourceQuality "1"]

1. d4 b6 2. e4 Bb7 3. Nc3 e6 4. Nf3 Bb4 5. Bd3 d5 6. e5 Ba6 7. Bxa6 Nxa6 8. 0-0 Ne7 9. Ne2 Nf5 10. c3 Qd7 11. cxb4 Nxb4 12. g4 Ne7 13. a3 Nbc6 14. b4 h5 15. h3 f6 16. Bf4 Ng6 17. Qc2 Kf7 18. Rac1 Nge7 19. b5 Na5 20. Qxc7 Qe8 21. exf6 gxf6 22. Bd6 Nc4 23. Bxe7 Rc8 24. Qxa7 Ra8 25. Qb7 Rb8 26. Qc6 Qxe7 27. Rxc4 dxc4 28. d5 hxg4 29. dxe6+ Qxe6 30. Qxe6+ Kxe6 31. hxg4 Rbg8 32. Nf4+ Kf7 33. Nh2 Rd8 34. Rc1 Rd4 35. Nh5 f5 36. f3 Ra8 37. Rc3 Ra5 38. Ng3 fxg4 39. Nxg4 Rxb5 40. Ne4 Rb2 41. Ne5+ Ke6 42. Nf2 Kxe5 43. f4+ Kxf4 44. Rxc4 Rb1+ 45. Kg2 Rxc4 46. Nd3+ Ke3 0-1

[Event "Sao Paulo op"]
[Site "Sao Paulo"]
[Date "2023.06.24"]
[Round "4"]
[White "Rodrigues, Leonardo De Miranda"]
[Black "Casarin, Luis Marcio Pinhatt"]
[Result "1/2-1/2"]
[WhiteElo "2067"]
[BlackElo "1806"]
[PlyCount "137"]
[EventDate "2023.06.23"]
[EventType "swiss"]
[EventRounds "6"]
[EventCountry "BRA"]
[SourceTitle "CBM 214 Extra"]
[Source "ChessBase"]
[SourceDate "2023.07.31"]
[SourceVersion "1"]
[SourceVersionDate "2023.07.31"]
[SourceQuality "1"]

1. e4 c5 2. Nf3 d6 3. d4 cxd4 4. Nxd4 Nf6 5. Nc3 a6 6. Bg5 e5 7. Nf5 Bxf5 8. exf5 Nbd7 9. Be2 Be7 10. Bf3 Rb8 11. 0-0 0-0 12. a4 b5 13. axb5 axb5 14. Ra7 Re8 15. Bxf6 Nxf6 16. Qd3 Qb6 17. Rfa1 Bf8 18. g4 h6 19. h4 b4 20. Nd5 Qd8 21. Kf1 Nh7 22. Qb3 Qxh4 23. Kg2 e4 24. Be2 Qd8 25. Rxf7 Kh8 26. Nf4 Ng5 27. Rfa7 Qb6 28. Bc4 d5 29. Bxd5 Bc5 30. R7a6 Qd8 31. Bf7 Qd2 32. Ng6+ Kh7 33. Rf1 e3 34. Raa1 e2 35. Rfe1 Qd4 36. Qg3 Nxf7 37. Nf4 Ng5 38. Nxe2 Qe4+ 39. f3 Qxc2 40. Kf1 Qd2 41. Rad1 Qxb2 42. Rd7 Rbd8 43. Rxd8 Rxd8 44. Qc7 Qf6 45. Qxc5 Nxf3 46. Rc1 Qh4 47. Qc7 Re8 48. Qg3 Qh1+ 49. Kf2 Rxe2+ 50. Kxe2 Nd4+ 51. Kd3 Qxc1 52. Kxd4 Qb2+ 53. Kc4 Qd2 54. Qf3 Qb2 55. Qd3 Kg8 56. Qd5+ Kh7 57. Qd3 Kg8 58. Qd5+ Kh7 59. Qd3 Qa3 60. Qc2 b3 61. Qxb3 Qxb3+ 62. Kxb3 Kg8 63. Kc4 Kf7 64. Kd5 Kf6 65. Ke4 Kg5 66. Kf3 h5 67. gxh5 Kxf5 68. h6 gxh6 69. Kg3 1/2-1/2

[Event "Jundiai op"]
[Site "Jundiai"]
[Date "2023.04.14"]
[Round "1"]
[White "Machado, Marcos Donizete"]
[Black "Rodrigues, Leonardo De Miranda"]
[Result "0-1"]
[WhiteElo "1488"]
[BlackElo "2061"]
[PlyCount "64"]
[EventDate "2023.04.14"]
[EventType "swiss"]
[EventRounds "5"]
[EventCountry "BRA"]
[SourceTitle "CBM 213 Extra"]
[Source "ChessBase"]
[SourceDate "2023.05.31"]
[SourceVersion "1"]
[SourceVersionDate "2023.05.31"]
[SourceQuality "1"]

1. e4 Nf6 2. e5 Nd5 3. d4 d6 4. c4 Nb6 5. exd6 cxd6 6. Nc3 g6 7. Nf3 Bg7 8. Be2 0-0 9. Be3 Bf5 10. Rc1 Nc6 11. 0-0 d5 12. c5 Nc4 13. b3 Nxe3 14. fxe3 Bh6 15. Qd2 Be4 16. Nd1 e5 17. Nxe5 Nxe5 18. dxe5 d4 19. Rc4 Qg5 20. Bf3 dxe3 21. Qe2 Bxf3 22. Rxf3 Qxe5 23. Nc3 Rad8 24. Ne4 Rd4 25. Nf6+ Kg7 26. Ng4 Rd2 27. Nxe5 Rxe2 28. Rf1 Rd8 29. Rxf7+ Kg8 30. Rc1 Rdd2 31. Kf1 Rxg2 32. Rd7 Rdf2+ 0-1

[Event "Pindamonhangaba op 7th"]
[Site "Pindamonhangaba"]
[Date "2023.03.26"]
[Round "5"]
[White "Rodrigues, Leonardo De Miranda"]
[Black "Da Cunha, Gabriela Goes"]
[Result "1/2-1/2"]
[WhiteElo "2112"]
[BlackElo "1759"]
[PlyCount "111"]
[EventDate "2023.03.24"]
[EventType "swiss"]
[EventRounds "5"]
[EventCountry "BRA"]
[SourceTitle "CBM 213 Extra"]
[Source "ChessBase"]
[SourceDate "2023.05.31"]
[SourceVersion "1"]
[SourceVersionDate "2023.05.31"]
[SourceQuality "1"]

1. e4 c6 2. d4 d5 3. f3 e6 4. Nc3 Nf6 5. Bg5 Be7 6. Qd3 a6 7. Nge2 Nbd7 8. 0-0-0 Nb6 9. h4 h6 10. Bf4 Nc4 11. Kb1 b5 12. Bc1 a5 13. e5 Nd7 14. f4 Ndb6 15. Ng3 b4 16. Nce2 Ba6 17. Qf3 Qd7 18. f5 c5 19. fxe6 fxe6 20. Qh5+ Kd8 21. dxc5 Bxc5 22. Nd4 Kc7 23. b3 Na3+ 24. Bxa3 bxa3 25. Bxa6 Rxa6 26. Rhf1 Nc8 27. Qe2 Rb6 28. c4 Bxd4 29. Rxd4 a4 30. c5 Rb8 31. b4 Na7 32. Rdf4 Rhe8 33. Qa6 Nb5 34. Rf7 Re7 35. Rxe7 Qxe7 36. Qd6+ Qxd6 37. exd6+ Kc6 38. Rf7 Nxd6 39. cxd6 Rxb4+ 40. Kc1 Kxd6 41. h5 Rb2 42. Rxg7 Rxa2 43. Rg6 Rf2 44. Kb1 Ke5 45. Rg4 Rf4 46. Rg6 Rf2 47. Rxh6 d4 48. Rh8 Rxg2 49. Nf1 Rg1 50. Rf8 Rh1 51. Ka2 Rxh5 52. Kxa3 Rf5 53. Rxf5+ exf5 54. Kxa4 Ke4 55. Kb4 Kd3 56. Kc5 1/2-1/2

[Event "Pindamonhangaba op 7th"]
[Site "Pindamonhangaba"]
[Date "2023.03.25"]
[Round "2"]
[White "Borger, David Lupovici"]
[Black "Rodrigues, Leonardo De Miranda"]
[Result "1-0"]
[WhiteElo "1890"]
[BlackElo "2112"]
[PlyCount "117"]
[EventDate "2023.03.24"]
[EventType "swiss"]
[EventRounds "5"]
[EventCountry "BRA"]
[SourceTitle "CBM 213 Extra"]
[Source "ChessBase"]
[SourceDate "2023.05.31"]
[SourceVersion "1"]
[SourceVersionDate "2023.05.31"]
[SourceQuality "1"]

1. e4 c5 2. d4 cxd4 3. c3 d5 4. exd5 Nf6 5. Bb5+ Bd7 6. Bc4 g6 7. Nf3 b5 8. Bb3 dxc3 9. Nxc3 b4 10. Ne2 Bg7 11. 0-0 0-0 12. Be3 a5 13. Re1 a4 14. Bc4 Bg4 15. Ne5 Qc7 16. Bd4 Ra5 17. Rc1 Qd6 18. Nxg4 Nxg4 19. Ng3 Ne5 20. Ne4 Qd7 21. Nc5 Qf5 22. Be2 Rc8 23. Bxe5 Qxe5 24. Bg4 Rcxc5 25. Rxe5 Bxe5 26. Rxc5 Rxc5 27. g3 h5 28. Be2 a3 29. bxa3 bxa3 30. Qb3 Rc1+ 31. Kg2 Bd6 32. Bb5 Rc7 33. Qa4 Kh7 34. h4 Kg7 35. Qd4+ Kh7 36. Qa4 Rc5 37. Be8 Kg8 38. Qe4 Kf8 39. Ba4 Na6 40. g4 hxg4 41. Qxg4 Nc7 42. Qd4 Kg8 43. Bb3 Kh7 44. Qd1 Ne8 45. h5 Nf6 46. hxg6+ fxg6 47. Qd3 Nh5 48. Qe4 Nf4+ 49. Kf3 Rc3+ 50. Kg4 Nh5 51. Qe6 Kh6 52. f3 Nf6+ 53. Kh3 Rxf3+ 54. Kg2 Rxb3 55. axb3 a2 56. Qh3+ Nh5 57. Qc3 Nf4+ 58. Kf3 Nxd5 59. Qd2+ 1-0

[Event "Pindamonhangaba op 7th"]
[Site "Pindamonhangaba"]
[Date "2023.03.25"]
[Round "3"]
[White "Rodrigues, Leonardo De Miranda"]
[Black "De Paula, Luan Araujo"]
[Result "0-1"]
[WhiteElo "2112"]
[BlackElo "1803"]
[PlyCount "70"]
[EventDate "2023.03.24"]
[EventType "swiss"]
[EventRounds "5"]
[EventCountry "BRA"]
[SourceTitle "CBM 213 Extra"]
[Source "ChessBase"]
[SourceDate "2023.05.31"]
[SourceVersion "1"]
[SourceVersionDate "2023.05.31"]
[SourceQuality "1"]

1. e4 c6 2. d4 d5 3. exd5 cxd5 4. c4 Nf6 5. Nc3 g6 6. Qb3 dxc4 7. Bxc4 e6 8. Nf3 Bg7 9. Bg5 0-0 10. Rd1 Qe7 11. Ne5 h6 12. Bh4 g5 13. Bg3 Nh5 14. 0-0 Nxg3 15. hxg3 Nc6 16. Nxc6 bxc6 17. Rfe1 Bd7 18. Na4 Rfb8 19. Qd3 Rd8 20. Qe4 Be8 21. Nc5 Rd6 22. b4 a5 23. bxa5 Rxa5 24. Bd3 Rxa2 25. Qh7+ Kf8 26. Bc4 Ra7 27. Re4 Ra5 28. Rde1 Rxc5 29. dxc5 Rd2 30. R1e3 Qxc5 31. Rf3 Rd4 32. Bxe6 Qc1+ 33. Kh2 Rd1 34. Kh3 g4+ 35. Kxg4 Qg5+ 0-1

[Event "Paulista-chTA"]
[Site "Sao Paulo"]
[Date "2023.03.04"]
[Round "2"]
[White "Rodrigues, Leonardo De Miranda"]
[Black "Pereira, Manoel Joel"]
[Result "1-0"]
[WhiteElo "2112"]
[BlackElo "2037"]
[PlyCount "65"]
[EventDate "2023.03.03"]
[EventType "team-tourn"]
[EventRounds "5"]
[EventCountry "BRA"]
[SourceTitle "CBM 213 Extra"]
[Source "ChessBase"]
[SourceDate "2023.05.31"]
[SourceVersion "1"]
[SourceVersionDate "2023.05.31"]
[SourceQuality "1"]
[WhiteTeam "AXSCS"]
[BlackTeam "PMFC"]
[WhiteTeamCountry "BRA"]
[BlackTeamCountry "BRA"]

1. e4 c5 2. Nf3 d6 3. d4 cxd4 4. Nxd4 Nf6 5. Nc3 e6 6. Bc4 a6 7. Bb3 Be7 8. 0-0 Qc7 9. f4 Nc6 10. Kh1 Bd7 11. f5 Nxd4 12. Qxd4 e5 13. Qd3 Bc6 14. Bg5 Rc8 15. Rad1 b5 16. Bxf6 gxf6 17. Rf3 Rg8 18. Nd5 Bxd5 19. Qxd5 Rg7 20. Rg3 Bf8 21. Rc3 Qb8 22. Rdd3 Rxc3 23. Rxc3 Kd8 24. Qc6 a5 25. Qa6 a4 26. Bd5 Rg4 27. Qa5+ Kd7 28. Bc6+ Ke7 29. Bxb5 Bh6 30. Rc7+ Kf8 31. Bc4 Rxe4 32. Rxf7+ Kg8 33. Rb7+ 1-0

[Event "Titled Tuesday intern op 17th Jan Early"]
[Site "Chess.com INT"]
[Date "2023.01.17"]
[Round "1"]
[White "Krienke, Makaio W"]
[Black "Rodrigues, Leonardo De Miranda"]
[Result "0-1"]
[WhiteElo "2115"]
[BlackElo "2112"]
[PlyCount "88"]
[EventDate "2023.01.17"]
[EventType "swiss (blitz)"]
[EventRounds "11"]
[EventCountry "USA"]
[SourceTitle "CBM 212 Extra"]
[Source "ChessBase"]
[SourceDate "2023.03.31"]
[SourceVersion "1"]
[SourceVersionDate "2023.03.31"]
[SourceQuality "1"]

1. e4 c5 2. Nf3 Nc6 3. d4 cxd4 4. Nxd4 Nf6 5. Nc3 d6 6. f3 g6 7. Be3 Bg7 8. Qd2 0-0 9. g4 d5 10. g5 Ne8 11. exd5 Ne5 12. 0-0-0 Nd6 13. Bf4 Qa5 14. Nb3 Qb4 15. Qe3 Nec4 16. Bxc4 Nxc4 17. Qc5 a5 18. a3 Nxa3 19. bxa3 Qxc3 20. Qxc3 Bxc3 21. Rd3 Bg7 22. Re1 Bf5 23. Rc3 Bxc3 24. Rxe7 Rfc8 25. d6 a4 26. Nd2 Bxd2+ 27. Kxd2 Rxc2+ 28. Kd1 Rc3 29. d7 Rd3+ 30. Ke2 Rxd7 31. Re5 Rc8 32. Kf2 Rd3 33. Kg3 Rxa3 34. h4 Rd3 35. h5 a3 36. hxg6 hxg6 37. Re2 b5 38. Be5 Re8 39. Kf4 Rb3 40. Rd2 Rb4+ 41. Bd4 Rd8 42. Ke3 Rdxd4 43. Rxd4 Rxd4 44. Kxd4 a2 0-1

[Event "Titled Tuesday intern op 17th Jan Early"]
[Site "Chess.com INT"]
[Date "2023.01.17"]
[Round "2"]
[White "Rodrigues, Leonardo De Miranda"]
[Black "Terry, Renato"]
[Result "0-1"]
[WhiteElo "2112"]
[BlackElo "2516"]
[PlyCount "84"]
[EventDate "2023.01.17"]
[EventType "swiss (blitz)"]
[EventRounds "11"]
[EventCountry "USA"]
[SourceTitle "CBM 212 Extra"]
[Source "ChessBase"]
[SourceDate "2023.03.31"]
[SourceVersion "1"]
[SourceVersionDate "2023.03.31"]
[SourceQuality "1"]

1. e4 e6 2. d4 d5 3. Nd2 Be7 4. Ngf3 Nf6 5. e5 Nfd7 6. Bd3 c5 7. c3 Nc6 8. 0-0 g5 9. dxc5 Ndxe5 10. Nxe5 Nxe5 11. Nb3 Nxd3 12. Qxd3 f6 13. Re1 e5 14. Qb5+ Qd7 15. a4 0-0 16. Rd1 a6 17. Qxd7 Bxd7 18. Na5 Bc6 19. b4 Rfd8 20. Be3 Kf7 21. b5 axb5 22. axb5 Bxb5 23. Nxb7 Rdb8 24. Nd6+ Bxd6 25. cxd6 Ke6 26. Bc5 Bc4 27. f3 Rc8 28. Bb4 Rcb8 29. Rxa8 Rxa8 30. Rd2 f5 31. Kf2 f4 32. g3 Ra1 33. Kg2 h5 34. gxf4 gxf4 35. Kh3 Rf1 36. Kh4 Rxf3 37. Kxh5 Rh3+ 38. Kg4 Rh7 39. h4 Rg7+ 40. Kf3 Rg3+ 41. Kf2 e4 42. Rd1 e3+ 0-1

[Event "Titled Tuesday intern op 10th Jan Late"]
[Site "Chess.com INT"]
[Date "2023.01.10"]
[Round "9"]
[White "Antonio, Jorge Carlos"]
[Black "Rodrigues, Leonardo De Miranda"]
[Result "0-1"]
[WhiteElo "2277"]
[BlackElo "2112"]
[PlyCount "46"]
[EventDate "2023.01.10"]
[EventType "swiss (blitz)"]
[EventRounds "11"]
[EventCountry "USA"]
[SourceTitle "EXT 2024"]
[Source "ChessBase"]
[SourceDate "2023.10.10"]
[SourceVersion "1"]
[SourceVersionDate "2023.10.10"]
[SourceQuality "1"]

1. d4 Nf6 2. Nf3 g6 3. c4 Bg7 4. Nc3 0-0 5. e4 d6 6. Be2 Nbd7 7. 0-0 e5 8. dxe5 dxe5 9. h3 c6 10. b4 Qe7 11. Qb3 a5 12. b5 a4 13. Qc2 a3 14. Be3 Nh5 15. bxc6 bxc6 16. Rab1 Nf4 17. Kh2 Ne6 18. Rfd1 Nd4 19. Nxd4 exd4 20. Bxd4 Bxd4 21. Rxd4 Qe5+ 22. Kg1 Qxd4 23. Rd1 Qe5 0-1

[Event "Titled Tuesday intern op 10th Jan Late"]
[Site "Chess.com INT"]
[Date "2023.01.10"]
[Round "10"]
[White "Rodrigues, Leonardo De Miranda"]
[Black "Cueto, Jose"]
[Result "1-0"]
[WhiteElo "2112"]
[BlackElo "2134"]
[PlyCount "81"]
[EventDate "2023.01.10"]
[EventType "swiss (blitz)"]
[EventRounds "11"]
[EventCountry "USA"]
[SourceTitle "EXT 2024"]
[Source "ChessBase"]
[SourceDate "2023.10.10"]
[SourceVersion "1"]
[SourceVersionDate "2023.10.10"]
[SourceQuality "1"]

1. d4 e6 2. e4 d5 3. Nd2 Nc6 4. Ngf3 Nf6 5. e5 Nd7 6. Bd3 Nb4 7. Be2 c5 8. c3 Nc6 9. Bd3 Rb8 10. 0-0 b5 11. a3 Qb6 12. dxc5 Bxc5 13. Qe2 a5 14. Nb3 Be7 15. Re1 b4 16. axb4 axb4 17. Nbd4 bxc3 18. bxc3 0-0 19. Ba3 Bxa3 20. Rxa3 h6 21. Bc2 Nxd4 22. Nxd4 Qb2 23. Qd3 g6 24. Ra7 Nc5 25. Qg3 Ne4 26. Bxe4 dxe4 27. Qe3 Kg7 28. Qf4 Rb7 29. Qf6+ Kg8 30. Rxb7 Bxb7 31. Nxe6 fxe6 32. Qxg6+ Kh8 33. Qxh6+ Kg8 34. Qxe6+ Rf7 35. Qg4+ Rg7 36. Qe6+ Kh8 37. g3 e3 38. Qh3+ Kg8 39. Rxe3 Qb1+ 40. Qf1 Qxf1+ 41. Kxf1 1-0

[Event "Titled Tuesday intern op 10th Jan Late"]
[Site "Chess.com INT"]
[Date "2023.01.10"]
[Round "7"]
[White "Rodrigues, Leonardo De Miranda"]
[Black "Lopez del Alamo, Antonio"]
[Result "0-1"]
[WhiteElo "2112"]
[BlackElo "2275"]
[PlyCount "64"]
[EventDate "2023.01.10"]
[EventType "swiss (blitz)"]
[EventRounds "11"]
[EventCountry "USA"]
[SourceTitle "EXT 2024"]
[Source "ChessBase"]
[SourceDate "2023.10.10"]
[SourceVersion "1"]
[SourceVersionDate "2023.10.10"]
[SourceQuality "1"]

1. e4 c5 2. Nc3 e6 3. Nf3 Nc6 4. d4 cxd4 5. Nxd4 Nf6 6. Be2 Bb4 7. 0-0 Bxc3 8. bxc3 Nxe4 9. Qd3 d5 10. Rb1 a6 11. Bf4 0-0 12. Rfd1 Qa5 13. Nxc6 bxc6 14. Be5 f6 15. Bd4 c5 16. f3 Nd6 17. Bf2 Bd7 18. Qe3 Rfc8 19. c4 d4 20. Qd2 Qxd2 21. Rxd2 Rab8 22. Rb3 e5 23. Bd3 Be6 24. g3 Bxc4 25. Ra3 Bb5 26. f4 e4 27. Bxb5 axb5 28. Rd1 f5 29. Ra6 Nc4 30. Kg2 Ra8 31. Rxa8 Rxa8 32. Ra1 Ra3 0-1

[Event "Titled Tuesday intern op 10th Jan Late"]
[Site "Chess.com INT"]
[Date "2023.01.10"]
[Round "11"]
[White "Rodrigues, Leonardo De Miranda"]
[Black "Vasques, Antonio Pedro Freix"]
[Result "0-1"]
[WhiteElo "2112"]
[BlackElo "2213"]
[PlyCount "98"]
[EventDate "2023.01.10"]
[EventType "swiss (blitz)"]
[EventRounds "11"]
[EventCountry "USA"]
[SourceTitle "EXT 2024"]
[Source "ChessBase"]
[SourceDate "2023.10.10"]
[SourceVersion "1"]
[SourceVersionDate "2023.10.10"]
[SourceQuality "1"]

1. d4 d5 2. Nf3 Nf6 3. g3 Bf5 4. Bg2 e6 5. 0-0 Be7 6. c4 a6 7. Qb3 Ra7 8. Nc3 c6 9. a4 0-0 10. a5 Nbd7 11. Rd1 Ne4 12. Bf4 g5 13. Be3 Bg6 14. Nd2 f5 15. cxd5 Nxc3 16. bxc3 cxd5 17. f4 b5 18. axb6 Qxb6 19. Qxb6 Nxb6 20. Rdb1 Bd8 21. fxg5 f4 22. gxf4 Bxb1 23. Rxb1 a5 24. Nb3 a4 25. Nc5 Kf7 26. Bh3 Re8 27. f5 exf5 28. Bf4 a3 29. Bxf5 a2 30. Ra1 Rxe2 31. Bxh7 Nc4 32. h4 Be7 33. h5 Bxc5 34. dxc5 Rb7 35. g6+ Kg7 36. h6+ Kh8 37. Rf1 Rb1 38. Bc1 Rxc1 39. Rxc1 Rb2 40. g7+ Kxh7 41. Rf1 Rb1 42. Kg2 Rxf1 43. Kxf1 a1Q+ 44. Ke2 Qxc3 45. Kf2 Qe3+ 46. Kg2 Nd2 47. c6 Qf3+ 48. Kh2 Ne4 49. c7 Qg3+ 0-1